Tottenham Hotspur Squad 24/25 - Statistics

General Stats
  • This quiz has been taken 181 times
    147 since last reset
  • The average score is 20 of 26
Answer Stats
# Nation Former Club Answer % Correct
1 Italy Empoli Guglielmo Vicario
98%
7 South Korea Leverkusen Heung Min Son
97%
10 England Leicester City James Maddison
95%
9 Brazil Everton Richarlison
95%
21 Sweden Juventus Dejan Kulusevski
93%
17 Argentina Atalanta Cristian Romero
92%
23 Spain Man City Pedro Porro
91%
29 Senegal Metz Pape Sarr
89%
13 Italy Udinese Destiny Udogie
88%
8 Mali Brighton Yves Bissouma
88%
6 Romania Genoa Radu Dragusin
87%
22 Wales Nottingham Brennan Johnson
86%
37 Netherlands Wolfsburg Micky van de Ven
85%
16 Germany Leipzig Timo Werner
85%
30 Uruguay Juventus Rodrigo Bentancur
84%
14 England Leeds Archie Gray
80%
15 Sweden Djurgarden Lucas Bergvall
77%
19 England Bournemouth Dominic Solanke
76%
3 Spain Real Madrid Sergio Reguilon
76%
33 Wales Swansea Ben Davies
74%
28 France Burnley Wilson Odobert
64%
24 England Middlesbrough Djed Spence
57%
20 England Southampton Fraser Forster
57%
40 England Youth Brandon Austin
46%
41 England Youth Alfie Whiteman
39%
45 England Youth Alfie Devine
8%
No matching quizzes found
Score Distribution
Percent of People with Each Score
Percentile by Number Answered
Your Score History
You have not taken this quiz since the last reset